[Event "Titled Tuesday intern op 29th Nov Early"]
[Site "Chess.com INT"]
[Date "2022.11.29"]
[Round "5"]
[White "Saypuri, Srithan"]
[Black "Ravot, Sylvain"]
[Result "1-0"]
[WhiteElo "2138"]
[BlackElo "2223"]
[PlyCount "111"]
[EventDate "2022.11.29"]
[EventType "swiss (blitz)"]
[EventRounds "11"]
[EventCountry "USA"]
[SourceTitle "EXT 2024"]
[Source "ChessBase"]
[SourceDate "2023.10.10"]
[SourceVersion "1"]
[SourceVersionDate "2023.10.10"]
[SourceQuality "1"]

1. e4 c5 2. Nf3 Nc6 3. Bb5 g6 4. 0-0 Bg7 5. Re1 Nf6 6. c3 0-0 7. h3 d5 8. e5 Nd7 9. d4 cxd4 10. cxd4 e6 11. Nc3 Nb6 12. Bg5 f6 13. exf6 Bxf6 14. Bxf6 Qxf6 15. a4 Nd7 16. a5 Ndb8 17. Qd2 Kg7 18. Na4 Nd8 19. Nc5 a6 20. Bd3 Nd7 21. b4 Nxc5 22. bxc5 Nc6 23. Qb2 h6 24. Re2 Rb8 25. Rae1 Bd7 26. Qb6 Qd8 27. Qb2 Qxa5 28. Bb1 Qd8 29. Qc2 Qf6 30. Ne5 Nxe5 31. dxe5 Qf7 32. Re3 Rfc8 33. Rf3 Be8 34. Rxf7+ Bxf7 35. Re3 Rc6 36. Rf3 g5 37. Rf6 Be8 38. Rxe6 Rxe6 39. Qf5 Rg6 40. e6 Rc8 41. Qe5+ Kg8 42. Bxg6 Bxg6 43. e7 Re8 44. Qxd5+ Bf7 45. Qd7 Kg7 46. Qxb7 a5 47. c6 Be6 48. Qc7 a4 49. Qd6 Kf7 50. c7 a3 51. Qxa3 Rxe7 52. Qf3+ Kg7 53. Qc6 Bc8 54. Qc3+ Kf7 55. Qb3+ Kf8 56. Qb8 1-0

[Event "Titled Tuesday intern op 22nd Nov Early"]
[Site "Chess.com INT"]
[Date "2022.11.22"]
[Round "3"]
[White "Ravot, Sylvain"]
[Black "Ibadov, Dashgyn"]
[Result "0-1"]
[WhiteElo "2223"]
[BlackElo "2308"]
[PlyCount "62"]
[EventDate "2022.11.22"]
[EventType "swiss (blitz)"]
[EventRounds "11"]
[EventCountry "USA"]
[SourceTitle "CBM 211 Extra"]
[Source "ChessBase"]
[SourceDate "2023.01.31"]
[SourceVersion "1"]
[SourceVersionDate "2023.01.31"]
[SourceQuality "1"]

1. e4 e5 2. Nf3 Nc6 3. Bb5 a6 4. Ba4 Nf6 5. d3 b5 6. Bb3 Bc5 7. 0-0 d6 8. c3 h6 9. a4 Rb8 10. axb5 axb5 11. Nbd2 0-0 12. Re1 Bb6 13. Nf1 Ne7 14. Ng3 Ng6 15. d4 Re8 16. h3 Bb7 17. Bc2 exd4 18. cxd4 c5 19. d5 c4 20. Be3 Bxe3 21. Rxe3 Nd7 22. Nd4 Qb6 23. Ngf5 Nde5 24. g3 Bc8 25. Kh2 Bxf5 26. exf5 Nf8 27. f6 g6 28. Qd2 Nfd7 29. f4 c3 30. Qe2 Qxd4 31. fxe5 Nxe5 0-1

[Event "Titled Tuesday intern op 22nd Nov Early"]
[Site "Chess.com INT"]
[Date "2022.11.22"]
[Round "4"]
[White "Vargas Benavides, Mauricio"]
[Black "Ravot, Sylvain"]
[Result "0-1"]
[WhiteElo "2125"]
[BlackElo "2223"]
[PlyCount "68"]
[EventDate "2022.11.22"]
[EventType "swiss (blitz)"]
[EventRounds "11"]
[EventCountry "USA"]
[SourceTitle "CBM 211 Extra"]
[Source "ChessBase"]
[SourceDate "2023.01.31"]
[SourceVersion "1"]
[SourceVersionDate "2023.01.31"]
[SourceQuality "1"]

1. e4 c5 2. Nf3 Nc6 3. d4 cxd4 4. Nxd4 g6 5. Bc4 Bg7 6. c3 d6 7. 0-0 Nf6 8. f3 0-0 9. Be3 Bd7 10. Nd2 a6 11. Qe1 Qa5 12. g4 Ne5 13. Bb3 Nd3 14. Qh4 Nxb2 15. Rac1 Rac8 16. c4 Nd3 17. Rb1 b5 18. cxb5 axb5 19. h3 Rfe8 20. f4 Nc5 21. N4f3 Nfxe4 22. Nxe4 Nxe4 23. f5 Nf6 24. fxg6 hxg6 25. Bh6 d5 26. Ng5 Qb6+ 27. Kg2 Be6 28. Bxg7 Kxg7 29. Rxf6 exf6 30. Qh7+ Kf8 31. Qh8+ Ke7 32. Qh6 fxg5 33. Qxg5+ Kd7 34. Rd1 Qd6 0-1

[Event "Titled Tuesday intern op 15th Nov Early"]
[Site "Chess.com INT"]
[Date "2022.11.15"]
[Round "10"]
[White "Mouhamad, Joachin"]
[Black "Ravot, Sylvain"]
[Result "1/2-1/2"]
[WhiteElo "2266"]
[BlackElo "2223"]
[PlyCount "101"]
[EventDate "2022.11.15"]
[EventType "swiss (blitz)"]
[EventRounds "11"]
[EventCountry "USA"]
[SourceTitle "CBM 211 Extra"]
[Source "ChessBase"]
[SourceDate "2023.01.31"]
[SourceVersion "1"]
[SourceVersionDate "2023.01.31"]
[SourceQuality "1"]

1. e4 c5 2. d4 cxd4 3. c3 d3 4. Bxd3 Nc6 5. c4 g6 6. Nc3 Bg7 7. Nge2 d6 8. 0-0 Nf6 9. h3 0-0 10. Re1 Bd7 11. Bg5 h6 12. Be3 Rc8 13. Rc1 Kh7 14. b3 b6 15. Qd2 Be6 16. Nd5 Nd7 17. Nef4 Nc5 18. Bb1 Qd7 19. Nxe6 fxe6 20. Nf4 e5 21. Nd5 Ne6 22. Bd3 Ncd4 23. f3 Rxf3 24. Rf1 Rcf8 25. Be2 Rxf1+ 26. Bxf1 Nc6 27. Be2 Ned4 28. Bg4 e6 29. Nc3 Qf7 30. Ne2 h5 31. Bxd4 Nxd4 32. Nxd4 exd4 33. Bf3 Bh6 34. Qd1 Bxc1 35. Qxc1 Qf4 36. Qd1 e5 37. Kh1 Kh6 38. b4 Rc8 39. Qf1 Qe3 40. Be2 Qxe4 41. Bd3 Qf4 42. Qe2 Re8 43. Be4 Qe3 44. Qc2 Kg5 45. Bxg6 Kh4 46. Bxe8 Qe1+ 47. Kh2 Qg3+ 48. Kg1 Qe1+ 49. Kh2 Qg3+ 50. Kg1 Qe1+ 51. Kh2 1/2-1/2

[Event "Titled Tuesday intern op 15th Nov Early"]
[Site "Chess.com INT"]
[Date "2022.11.15"]
[Round "3"]
[White "Ravot, Sylvain"]
[Black "Andreev, Eduard"]
[Result "0-1"]
[WhiteElo "2223"]
[BlackElo "2413"]
[PlyCount "38"]
[EventDate "2022.11.15"]
[EventType "swiss (blitz)"]
[EventRounds "11"]
[EventCountry "USA"]
[SourceTitle "CBM 211 Extra"]
[Source "ChessBase"]
[SourceDate "2023.01.31"]
[SourceVersion "1"]
[SourceVersionDate "2023.01.31"]
[SourceQuality "1"]

1. e4 c6 2. d4 d5 3. exd5 cxd5 4. Bd3 Nc6 5. c3 Qc7 6. Ne2 Nf6 7. 0-0 Bg4 8. Qe1 e6 9. f3 Bh5 10. Qh4 Bd6 11. Bg5 Bg6 12. Bxg6 fxg6 13. Bxf6 gxf6 14. Qxf6 Kd7 15. f4 Raf8 16. Qg7+ Ne7 17. g3 Kc8 18. Na3 Qb6 19. Rab1 Nf5 0-1

[Event "Vaujany op-A 6th"]
[Site "Vaujany"]
[Date "2015.07.10"]
[Round "2"]
[White "Ravot, Sylvain"]
[Black "Brunner, Nicolas"]
[Result "1/2-1/2"]
[WhiteElo "2238"]
[BlackElo "2432"]
[PlyCount "61"]
[EventDate "2015.07.09"]
[EventType "swiss"]
[EventRounds "9"]
[EventCountry "FRA"]
[SourceTitle "EXT 2016"]
[Source "ChessBase"]
[SourceDate "2015.10.08"]
[SourceVersion "1"]
[SourceVersionDate "2015.10.08"]
[SourceQuality "1"]

1. e4 c5 2. Nf3 d6 3. d4 cxd4 4. Qxd4 Nc6 5. Bb5 Bd7 6. Bxc6 Bxc6 7. Nc3 Nf6 8. Bg5 e6 9. 0-0-0 Be7 10. Qd3 Qa5 11. h4 h6 12. Bxf6 Bxf6 13. Nd4 0-0-0 14. Qc4 Qb6 15. Rh3 Kb8 16. Na4 Bxa4 17. Qxa4 Rc8 18. Rb3 Qc5 19. Rb5 Qc7 20. Rd3 Ka8 21. Rb4 d5 22. exd5 exd5 23. g3 Rhe8 24. Rc3 Qb8 25. Rbb3 Re1+ 26. Kd2 Re4 27. Qxa7+ Kxa7 28. Ra3+ Kb6 29. Rab3+ Ka6 30. Ra3+ Kb6 31. Rab3+ 1/2-1/2

[Event "Sautron op 14th"]
[Site "Sautron"]
[Date "2014.11.01"]
[Round "9"]
[White "Ravot, Sylvain"]
[Black "Lejarre, Ludovic"]
[Result "0-1"]
[WhiteElo "2257"]
[BlackElo "2356"]
[PlyCount "90"]
[EventDate "2014.10.26"]
[EventType "swiss"]
[EventRounds "9"]
[EventCountry "FRA"]
[SourceTitle "EXT 2015"]
[Source "ChessBase"]
[SourceDate "2014.11.20"]
[SourceVersion "1"]
[SourceVersionDate "2014.11.20"]
[SourceQuality "1"]

1. d4 Nf6 2. c4 c5 3. d5 b5 4. Qc2 bxc4 5. e4 g6 6. Bxc4 d6 7. Nf3 Bg7 8. 0-0 0-0 9. Nc3 Nfd7 10. Bf4 Ba6 11. Be2 Qa5 12. Rfe1 Bxe2 13. Rxe2 Na6 14. e5 Nb4 15. Qe4 Qa6 16. Qe3 Nb6 17. Rd1 Rad8 18. exd6 exd6 19. a3 Bxc3 20. axb4 Bd4 21. Qe4 Nxd5 22. Bh6 Nf6 23. Qc2 Rfe8 24. Nxd4 cxd4 25. Rxe8+ Rxe8 26. h3 Qb5 27. Qd2 d3 28. Qxd3 Re1+ 29. Kh2 Qe5+ 30. f4 Rxd1 31. Qxd1 Qh5 32. Qxh5 gxh5 33. b5 Nd5 34. f5 Nc7 35. f6 Nxb5 36. Kg3 a5 37. Bd2 a4 38. Bb4 d5 39. Kh4 d4 40. Kxh5 Nc3 41. Kg4 Nd5 42. Bd2 Nb6 43. Kf3 Nc4 44. Ke2 Nxb2 45. Bc1 a3 0-1

[Event "Sautron op 14th"]
[Site "Sautron"]
[Date "2014.10.26"]
[Round "2"]
[White "Haub, Thorsten Michael"]
[Black "Ravot, Sylvain"]
[Result "1-0"]
[WhiteElo "2444"]
[BlackElo "2259"]
[PlyCount "99"]
[EventDate "2014.10.26"]
[EventType "swiss"]
[EventRounds "9"]
[EventCountry "FRA"]
[SourceTitle "EXT 2015"]
[Source "ChessBase"]
[SourceDate "2014.11.20"]
[SourceVersion "1"]
[SourceVersionDate "2014.11.20"]
[SourceQuality "1"]

1. g3 d5 2. Bg2 c6 3. d3 Bg4 4. Nf3 Nd7 5. 0-0 e6 6. Nbd2 Bd6 7. b3 Ne7 8. Bb2 0-0 9. Qe1 c5 10. c4 Nc6 11. a3 d4 12. b4 e5 13. Ne4 Be7 14. Nxc5 Nxc5 15. bxc5 Bxc5 16. h3 Be6 17. Bc1 h6 18. Nd2 Be7 19. Kh2 Rc8 20. Rb1 b6 21. Rb5 f6 22. Qd1 Qc7 23. f4 exf4 24. gxf4 Rfd8 25. Qe1 f5 26. Kh1 a6 27. Rb1 Rb8 28. a4 Qd7 29. Nf3 Bf6 30. Bd2 Bf7 31. Rb2 Re8 32. Qb1 Qc7 33. Ne5 Nxe5 34. fxe5 Bxe5 35. Rxf5 Bg6 36. Rf1 Bd6 37. Rg1 Kh7 38. Bf3 Bf5 39. Qf1 Qd7 40. Qg2 Re7 41. Bb4 Bxb4 42. Rxb4 Kh8 43. c5 Qc7 44. Qh2 Qd8 45. Qf4 Bxh3 46. Rxd4 Qe8 47. Rd6 Be6 48. cxb6 a5 49. Qe5 Qf7 50. Rxe6 1-0

[Event "Condom 11th"]
[Site "Condom"]
[Date "2012.07.17"]
[Round "5"]
[White "Ravot, Sylvain"]
[Black "Inkiov, Ventzislav"]
[Result "0-1"]
[WhiteElo "2278"]
[BlackElo "2460"]
[PlyCount "108"]
[EventDate "2012.07.14"]
[EventType "tourn"]
[EventRounds "9"]
[EventCountry "FRA"]
[EventCategory "5"]
[SourceTitle "CBM 149 Extra"]
[Source "ChessBase"]
[SourceDate "2012.08.24"]
[SourceVersion "1"]
[SourceVersionDate "2012.08.24"]
[SourceQuality "1"]

1. d4 Nf6 2. c4 e6 3. Nf3 Bb4+ 4. Nbd2 b6 5. a3 Bxd2+ 6. Qxd2 Bb7 7. e3 0-0 8. Be2 d6 9. 0-0 Nbd7 10. b4 Ne4 11. Qc2 f5 12. d5 exd5 13. Nd4 Rf7 14. cxd5 Bxd5 15. f3 c5 16. fxe4 Bxe4 17. Qb3 cxd4 18. Bc4 d5 19. Bxd5 Bxd5 20. Qxd5 Nf8 21. Qb3 Qd7 22. exd4 Qxd4+ 23. Be3 Qd7 24. a4 Re8 25. Rfe1 Qe6 26. Qb2 Rfe7 27. Bf2 Qd5 28. Rxe7 Rxe7 29. Re1 Rxe1+ 30. Bxe1 Ne6 31. Bc3 Nf4 32. Qd2 Qxd2 33. Bxd2 Nd5 34. Kf2 Kf7 35. Ke2 Ke6 36. Kd3 Ke5 37. Kc4 a6 38. g3 Ke4 39. a5 bxa5 40. bxa5 Ne3+ 41. Kc5 g5 42. Kb6 f4 43. gxf4 gxf4 44. Kxa6 Kd3 45. Be1 Ke2 46. Bh4 f3 47. Kb6 Nc4+ 48. Kc5 Nxa5 49. Kd5 Nb3 50. Ke5 Nd2 51. Kf4 Nf1 52. h3 Ne3 53. Bg3 h6 54. Bh4 Ng2+ 0-1

[Event "Condom 11th"]
[Site "Condom"]
[Date "2012.07.14"]
[Round "1"]
[White "Ravot, Sylvain"]
[Black "Saada, Julien"]
[Result "1/2-1/2"]
[WhiteElo "2278"]
[BlackElo "2315"]
[PlyCount "92"]
[EventDate "2012.07.14"]
[EventType "tourn"]
[EventRounds "9"]
[EventCountry "FRA"]
[EventCategory "5"]
[SourceTitle "CBM 149 Extra"]
[Source "ChessBase"]
[SourceDate "2012.08.24"]
[SourceVersion "1"]
[SourceVersionDate "2012.08.24"]
[SourceQuality "1"]

1. e4 c6 2. d4 d5 3. Nc3 dxe4 4. Nxe4 Bf5 5. Ng3 Bg6 6. h4 h6 7. Nf3 Nd7 8. h5 Bh7 9. Bd3 Bxd3 10. Qxd3 Qc7 11. Bd2 e6 12. 0-0-0 Ngf6 13. Ne4 0-0-0 14. g3 Nxe4 15. Qxe4 Nf6 16. Qe2 Bd6 17. Kb1 Rhe8 18. c4 c5 19. dxc5 Qxc5 20. Be3 Qf5+ 21. Ka1 Bc5 22. Bxc5 Qxc5 23. Ne5 Qc7 24. g4 Rxd1+ 25. Rxd1 Rd8 26. Rxd8+ Kxd8 27. Qd2+ Ke8 28. Qd4 Nd7 29. Nd3 f6 30. b4 Ke7 31. Kb2 a5 32. a3 axb4 33. axb4 Qd6 34. Kc3 Qc6 35. b5 Qf3 36. Kd2 e5 37. Ne1 Qd1+ 38. Kxd1 exd4 39. Nf3 Ne5 40. Nxd4 Nxc4 41. Ke2 Kf7 42. Kf3 Nd6 43. Kf4 b6 44. f3 g6 45. hxg6+ Kxg6 46. Ne6 Nxb5 1/2-1/2

[Event "Nancy-B 10th"]
[Site "Nancy"]
[Date "2012.02.21"]
[Round "3"]
[White "Ravot, Sylvain"]
[Black "Pucher, Sebastien"]
[Result "1/2-1/2"]
[WhiteElo "2279"]
[BlackElo "2239"]
[PlyCount "87"]
[EventDate "2012.02.20"]
[EventType "tourn"]
[EventRounds "9"]
[EventCountry "FRA"]
[EventCategory "4"]
[SourceTitle "CBM 147 Extra"]
[Source "ChessBase"]
[SourceDate "2012.04.24"]
[SourceVersion "1"]
[SourceVersionDate "2012.04.24"]
[SourceQuality "1"]

1. e4 c5 2. Nf3 e6 3. d4 cxd4 4. Nxd4 Nc6 5. Nb5 d6 6. Bf4 e5 7. Be3 a6 8. N5c3 Nf6 9. Bg5 Be7 10. Bxf6 Bxf6 11. Nd2 0-0 12. Nc4 Be7 13. Nd5 Be6 14. Nxe7+ Qxe7 15. Qxd6 Qh4 16. Ne3 Rfd8 17. Qa3 Qxe4 18. Bd3 Qf4 19. 0-0 Rd7 20. Qc3 Qd4 21. Qxd4 Rxd4 22. f3 g6 23. a3 f5 24. Rf2 Rad8 25. Re1 Kf7 26. g4 Kf6 27. gxf5 gxf5 28. Nf1 h5 29. Ng3 h4 30. Ne2 R4d7 31. Rg2 Rg8 32. Rxg8 Bxg8 33. Kf2 Nd4 34. Rg1 Bf7 35. Nxd4 Rxd4 36. Ke3 Bd5 37. Rf1 Be6 38. f4 Rd8 39. fxe5+ Kxe5 40. Rf4 Rh8 41. Bc4 Bd7 42. Bd3 Be6 43. Bc4 Bd7 44. Bd3 1/2-1/2